000 00648cam a2200145 4500500
005 20251228052418.0
041 _afre
042 _adc
100 1 0 _aRivoal, Isabelle
_eauthor
245 0 0 _aFERME, Mariane C. — The Underneath of Things. Violence, History and the Everyday in Sierra Leone. Berkeley-Los Angeles-London, The University Press of California, 2001, 287 p., ill, bibl., index.
260 _c2005.
500 _a31
786 0 _nCahiers d'études africaines | 177 | 1 | 2005-03-01 | p. 257b-303b | 0008-0055
856 4 1 _uhttps://shs.cairn.info/revue-cahiers-d-etudes-africaines-2005-1-page-257b?lang=fr&redirect-ssocas=7080
999 _c1583482
_d1583482